Distretti, città e repubblica autonoma dell'Azerbaigian con mappa - Statistics

Statistiche generali
  • Questo quiz è stato fatto 12 volte
  • Il punteggio medio è 1 su 71
Risposte nella Mappa
Le risposte nella mappa del quiz sottostante sono codificate secondo una scala di colori dal rosso al verde in base alla % di persone che hanno risposto correttamente.
 
Statistiche sulle risposte
Risposta % Corretto
Baku
75%
Quba
25%
Repubblica Autonoma di Naxçıvan
25%
Abşeron
0%
Ağcabədi
0%
Ağdam
0%
Ağdaş
0%
Ağdərə
0%
Ağstafa
0%
Ağsu
0%
Astara
0%
Balakən
0%
Bərdə
0%
Beyləqan
0%
Biləsuvar
0%
Cəbrayıl
0%
Cəlilabad
0%
Daşkəsən
0%
Füzuli
0%
Gədəbəy
0%
Gəncə
0%
Goranboy
0%
Göyçay
0%
Göygöl
0%
Hacıqabul
0%
İmişli
0%
İsmayıllı
0%
Kəlbəcər
0%
Kürdəmir
0%
Laçın
0%
Lənkəran
0%
Lənkəran
0%
Lerik
0%
Masallı
0%
Mingəçevir
0%
Naftalan
0%
Neftçala
0%
Oğuz
0%
Qax
0%
Qazax
0%
Qəbələ
0%
Qobustan
0%
Qubadlı
0%
Qusar
0%
Saatlı
0%
Sabirabad
0%
Şabran
0%
Salyan
0%
Şamaxı
0%
Samux
0%
Şəki
0%
Şəki
0%
Şəmkir
0%
Şirvan
0%
Siyəzən
0%
Sumqayıt
0%
Şuşa
0%
Tərtər
0%
Tovuz
0%
Ucar
0%
Xaçmaz
0%
Xankəndi
0%
Xızı
0%
Xocalı
0%
Xocavənd
0%
Yardımlı
0%
Yevlax
0%
Yevlax
0%
Zaqatala
0%
Zəngilan
0%
Zərdab
0%
Nessun quiz corrispondente trovato
Distribuzione punteggi
Percentuale di utenti per punteggio
Percentile per numero di risposta
I tuoi punteggi nel tempo
Non hai fatto questo quiz